| 000 | 01571nam0a2200337 4500 | ||
|---|---|---|---|
| 001 | RU\NLR\bibl\171402 | ||
| 005 | 20260406131831.0 | ||
| 021 |
_aRU _b2000-47113 _92167 |
||
| 035 | _a(NLR Aleph) 000168181 | ||
| 090 |
_a968636 _c968636 |
||
| 100 | _a20010719d2000 |||y0rusy50 ca | ||
| 101 | 0 |
_arus _aeng |
|
| 102 | _aRU | ||
| 105 | _aa ||||||||| | ||
| 200 | 1 |
_aЛирика _dLyrics from Pushkin _fАлександр Пушкин _g[Пер. Ирина Железнова, Аврил Пиман] _gРис. Александр Бурганов _g[Музей клас. и современ. искусства "Бурганов-центр"] |
|
| 210 |
_aМ. _cБ.и. _d[2000] |
||
| 215 |
_a[46] с. _cил. _d21 |
||
| 300 | _aТекст стихотворений парал. на англ. и рус. яз. | ||
| 300 | _aПосвящено открытию памятника великому русскому поэту Александру Сергеевичу Пушкину в Вашингтоне 20 сент. 2000 г. | ||
| 510 | 1 |
_6z22790 _aLyrics from Pushkin _zeng |
|
| 686 | _aШ6(2=Р)51-5 | ||
| 686 | _aШ6(2=Р)57англ. | ||
| 700 | 1 |
_4070 _8rus _7ca _aПушкин _bА. С. _cпоэт _f1799-1837 _gАлександр Сергеевич _3RU\NLR\auth\77386 _9110441 |
|
| 790 | 1 |
_4070 _8rus _7ba _aPuškin _bA. S. _cпоэт _f1799-1837 _gAleksandr Sergeevič _3RU\NLR\AUTH\771614 _9111634 |
|
| 801 | 0 |
_aRU _bNLR _c20010719 _gPSBO |
|
| 801 | 1 |
_aRU _bNLR _c20010719 |
|
| 942 | _cBOOK | ||
| 980 | _aNB | ||